| 000 | 00918nam a22002657a 4500 | ||
|---|---|---|---|
| 005 | 20110128095327.0 | ||
| 008 | 110128t xxu||||| |||| 00| 0 eng d | ||
| 010 | _aENG-101965 | ||
| 020 |
_a9780198069966 _c695.00 |
||
| 020 |
_a0198069960 _c695.00 |
||
| 035 | _aEN-85498 | ||
| 037 | _bDBAD/PUB | ||
| 040 |
_adpl _bEng |
||
| 082 | _a338.9 | ||
| 100 |
_aDasgupta, Dipankar _925664 |
||
| 245 |
_aModern growth theory / _cby Dipankar Dasgupta |
||
| 260 |
_aNew Delhi _bOxford University Press _c2010 |
||
| 270 |
_aYMCA Library Building, Jai Singh Road _bNew Delhi _e110001 |
||
| 300 |
_axviii,253p. _c23cm (Hb) |
||
| 500 | _aIncludes bibliographical references.and index | ||
| 650 | _925585 | ||
| 700 | _925586 | ||
| 942 |
_2ddc _cEN _h338.9 _mDAS |
||
| 999 |
_c50152 _d50152 |
||